Shrimad Bhagavatam (Record no. 169576)
[ view plain ]
| 000 -LEADER | |
|---|---|
| fixed length control field | 01408nam a22003017a 4500 |
| 020 ## - INTERNATIONAL STANDARD BOOK NUMBER | |
| International Standard Book Number | 0892132531 |
| 082 ## - DEWEY DECIMAL CLASSIFICATION NUMBER | |
| Classification number | 230.22 |
| Item number | -PUR |
| 100 ## - MAIN ENTRY--PERSONAL NAME | |
| Personal name | Prabhapada, A.C. Bhaktivedanta Swami |
| 245 ## - TITLE STATEMENT | |
| Title | Shrimad Bhagavatam |
| Statement of responsibility, etc | by A.C. Bhaktivedanta Swami Prabhapada |
| 260 ## - PUBLICATION, DISTRIBUTION, ETC. (IMPRINT) | |
| Place of publication, distribution, etc | Mumbai |
| Name of publisher, distributor, etc | Bhaktivedanta Book Trust |
| Date of publication, distribution, etc | 2205 |
| 270 ## - ADDRESS | |
| Address | Bhaktivedanta Book Trust , Hare Krishna Land Juhu, Mumbai -400049 |
| 300 ## - PHYSICAL DESCRIPTION | |
| Extent | xix, 987p. |
| Dimensions | 22c.m. |
| 500 ## - GENERAL NOTE | |
| General note | 3.2 (3rd canto), <br/>Third Canto "The Status Quo" (Part two - chapter 17-33)<br/><br/><br/> |
| 500 ## - GENERAL NOTE | |
| General note | 2 (Second Canto)- The cosmic manifestation |
| 500 ## - GENERAL NOTE | |
| General note | 3.1 (Third Canto)- Part one- "The Status Quo" |
| 500 ## - GENERAL NOTE | |
| General note | 5 (Fifth Canto )- The creative imlpetus |
| 500 ## - GENERAL NOTE | |
| General note | 8 (Eighth Canto )- Withdrawal of the Cosmic Creations |
| 500 ## - GENERAL NOTE | |
| General note | 7 (Seventh Canto )- The science of God |
| 500 ## - GENERAL NOTE | |
| General note | 11.2 (Eleventh Canto Part Two)- General History |
| 500 ## - GENERAL NOTE | |
| General note | 11.1 (Eleventh Canto Part One)- General History |
| 500 ## - GENERAL NOTE | |
| General note | 4.2 (Fourth Canto Part Two)- The Creation of the fourth-order |
| 500 ## - GENERAL NOTE | |
| General note | 4.1 (Fourth Canto Part One)- The Creation of the fourth-order |
| 500 ## - GENERAL NOTE | |
| General note | 10 (tenth canto )- The Summun Bonum |
| 500 ## - GENERAL NOTE | |
| General note | 10.3 (tenth canto Part three )- The Summun Bonum |
| 500 ## - GENERAL NOTE | |
| General note | 10.4 (tenth canto Part four )- The Summun Bonum |
| 650 ## - SUBJECT ADDED ENTRY--TOPICAL TERM | |
| Topical term or geographic name as entry element | Bhagvat geeta-English |
| Form subdivision | Bhagvat geeta-English |
| 942 ## - ADDED ENTRY ELEMENTS (KOHA) | |
| Source of classification or shelving scheme | Dewey Decimal Classification |
| Item type | English Books |
| Classification part | 230.22 |
| Call number suffix | -PUR |
| Withdrawn status | Lost status | Materials specified (bound volume or other part) | Not for loan | Collection code | Home library | Current library | Date acquired | Cost, normal purchase price | Full call number | Barcode | Cost, replacement price | Koha item type |
|---|---|---|---|---|---|---|---|---|---|---|---|---|
| V 3.2 (Third Canto-Part Two) | Non-fiction | Central Library | Central Library | 25/11/2019 | 0.00 | 230.22 -PUR | B-194268 | 0.00 | English Books | |||
| V-5 (Fifth Canto) | Non-fiction | Central Library | Central Library | 25/11/2019 | 0.00 | 230.22 -PUR | B-194283 | 0.00 | English Books | |||
| V 7 (Seventh Canto) | Non-fiction | Central Library | Central Library | 25/11/2019 | 0.00 | 230.22 -PUR | b-194293 | 0.00 | English Books | |||
| V 10.4 (Tenth Canto-Part Four) | Non-fiction | Central Library | Central Library | 25/11/2019 | 0.00 | 230.22 -PUR | B-194323 | 0.00 | English Books | |||
| V11.2 (Eleventh Canto-Part two) | Non-fiction | Central Library | Central Library | 25/11/2019 | 0.00 | 230.22 -PUR | B-194333 | 0.00 | English Books | |||
| V-11.1 (Eleventh Canto- Part one) | Non-fiction | Central Library | Central Library | 25/11/2019 | 0.00 | 230.22 -PUR | B-194328 | 0.00 | English Books | |||
| V-4.1 (Fourth Canto-Part One) | Non-fiction | Central Library | Central Library | 25/11/2019 | 0.00 | 230.22 -PUR | B-194273 | 0.00 | English Books | |||
| V-8 (Eighth Canto) | Non-fiction | Central Library | Central Library | 25/11/2019 | 0.00 | 230.22 -PUR | B-194298 | 0.00 | English Books | |||
| V-4.2 (Fourth Canto-Part Two) | Non-fiction | Central Library | Central Library | 25/11/2019 | 0.00 | 230.22 -PUR | B-194278 | 0.00 | English Books | |||
| V 6 (Six Canto) | Non-fiction | Central Library | Central Library | 25/11/2019 | 0.00 | 230.22 -PUR | B-194288 | 0.00 | English Books | |||
| V10.2 (Tenth Canto- Part Two) | Non-fiction | Central Library | Central Library | 25/11/2019 | 0.00 | 230.22 -PUR | B-194313 | 0.00 | English Books | |||
| V 10.3 (Tenth Canto- Part Three) | Non-fiction | Central Library | Central Library | 25/11/2019 | 0.00 | 230.22 -PUR | B-194318 | 0.00 | English Books | |||
| 3.1 (third Canto- Part one) | Non-fiction | Central Library | Central Library | 26/11/2019 | 0.00 | 230.22 -PUR | B-194263 | 0.00 | English Books | |||
| 2 (Second Canto) | Non-fiction | Central Library | Central Library | 26/11/2019 | 0.00 | 230.22 -PUR | B-194258 | 0.00 | English Books | |||
| V. (Twelth Canto) | Non-fiction | Central Library | Central Library | 23/02/2021 | 230.22 -PUR | B-194338 | English Books |
